| 000 | 00572cam a22002291 4500 | ||
|---|---|---|---|
| 001 | ne 66001392 | ||
| 003 | DLC | ||
| 005 | 20260227111825.0 | ||
| 008 | 880827s1965 xx 000 0 ara | ||
| 010 | _ane 66001392 | ||
| 035 | _a(OCoLC)23516991 | ||
| 040 |
_aDLC _cMiU _dDLC |
||
| 043 |
_aa------ _af------ |
||
| 050 | 0 | 0 |
_aHD6857 _b.S23 |
| 100 | 1 | _aSallūm, ʻAbd al-Wahhāb. | |
| 245 | 1 | 3 | _aal-Niqābāt al-Āsyawīyah. |
| 260 | _c1965. | ||
| 300 |
_a36 p. _c20 cm. |
||
| 500 | _aRomanized. | ||
| 650 | 0 |
_aLabor unions _zAfrica. |
|
| 650 | 0 |
_aLabor unions _zAsia. |
|
| 999 |
_c49046 _d49046 |
||